The baseball fan's companion : (Record no. 590)

MARC details
000 -LEADER
fixed length control field 00842cam a2200241 a 4500
005 - DATE AND TIME OF LATEST TRANSACTION
control field 20260322212026.0
008 - FIXED-LENGTH DATA ELEMENTS--GENERAL INFORMATION
fixed length control field data
010 ## - LIBRARY OF CONGRESS CONTROL NUMBER
LC control number 96151432
020 ## - INTERNATIONAL STANDARD BOOK NUMBER
International Standard Book Number 0028608488 :
Terms of availability {dollar}14.95
020 ## - INTERNATIONAL STANDARD BOOK NUMBER
International Standard Book Number 9780028608488 :
Terms of availability {dollar}14.95
040 ## - CATALOGING SOURCE
Original cataloging agency IaDa
Transcribing agency IaDa
Modifying agency DLC
-- DLC
042 ## - AUTHENTICATION CODE
Authentication code lccopycat
050 00 - LIBRARY OF CONGRESS CALL NUMBER
Classification number GV867
Item number .B26 1996
092 ## - LOCALLY ASSIGNED DEWEY CALL NUMBER (OCLC)
Classification number 796.357 B26 1996
001 - CONTROL NUMBER
control field data
100 1# - MAIN ENTRY--PERSONAL NAME
Personal name Bakalar, Nick.
245 14 - TITLE STATEMENT
Title The baseball fan's companion :
Remainder of title how to master the subtleties of the world's most complex team sport and learn to watch the game like an expert /
Statement of responsibility, etc. Nick Bakalar.
260 ## - PUBLICATION, DISTRIBUTION, ETC.
Place of publication, distribution, etc. New York, NY :
Name of publisher, distributor, etc. Macmillan,
Date of publication, distribution, etc. c1996.
300 ## - PHYSICAL DESCRIPTION
Extent xiv, 210 p. :
Other physical details ill. ;
Dimensions 24 cm.
500 ## - GENERAL NOTE
General note Subtitle on cover: How to watch the game like an expert.
504 ## - BIBLIOGRAPHY, ETC. NOTE
Bibliography, etc. note Includes bibliographical references (p. 203-205) and index.
650 #0 - SUBJECT ADDED ENTRY--TOPICAL TERM
Topical term or geographic name entry element Baseball.
Holdings
Withdrawn status Lost status Damaged status Not for loan Home library Current library Shelving location Date acquired Total checkouts Full call number Barcode Date last seen Price effective from Koha item type
        Centerville Centerville General stacks 22/03/2026   GV867 .B26 1996 BC0010605 22/03/2026 22/03/2026 Books